[Event "Verkhnya Salda-ch"]
[Site "Verkhnya Salda"]
[Date "2010.02.21"]
[Round "4"]
[White "Yaschenko, Yury"]
[Black "Androsenko, Igor"]
[Result "1-0"]
[WhiteElo "1978"]
[BlackElo "1991"]
[PlyCount "83"]
[EventDate "2010.02.13"]
[EventType "tourn"]
[EventRounds "11"]
[EventCountry "RUS"]
[SourceTitle "EXT 2022"]
[Source "ChessBase"]
[SourceDate "2021.10.06"]
[SourceVersion "1"]
[SourceVersionDate "2021.10.06"]
[SourceQuality "1"]

1. d4 Nf6 2. Nf3 b6 3. c4 e6 4. Bg5 Be7 5. Bxf6 Bxf6 6. e4 d6 7. Qc2 c5 8. d5 exd5 9. cxd5 0-0 10. Bd3 Na6 11. a3 Nc7 12. Nbd2 Re8 13. 0-0 g6 14. Rac1 Bd7 15. b4 Nb5 16. bxc5 dxc5 17. Bxb5 Bxb5 18. Rfe1 Bg7 19. Nc4 Qd7 20. Qd2 Rad8 21. Qf4 f6 22. Nfd2 f5 23. f3 fxe4 24. fxe4 Rf8 25. Qg3 Bd4+ 26. Ne3 Bb2 27. Rc2 Bxa3 28. e5 Bb4 29. d6 Bd3 30. Ra2 Bc3 31. Ng4 Bd4+ 32. Kh1 Bf5 33. Nf6+ Rxf6 34. exf6 Bxf6 35. Nf3 Be6 36. Rd2 Qc8 37. Ng5 Bxg5 38. Qxg5 Rf8 39. h4 Rf7 40. Rde2 Bd7 41. Re7 Rf5 42. Qh6 1-0

[Event "Verkhnya Salda-ch op"]
[Site "Verkhnya Salda"]
[Date "2009.11.14"]
[Round "5"]
[White "Androsenko, Igor"]
[Black "Gudkov, Vladimir"]
[Result "1-0"]
[WhiteElo "2071"]
[BlackElo "1717"]
[PlyCount "89"]
[EventDate "2009.10.22"]
[EventType "swiss"]
[EventRounds "9"]
[EventCountry "RUS"]
[SourceTitle "EXT 2022"]
[Source "ChessBase"]
[SourceDate "2021.10.06"]
[SourceVersion "1"]
[SourceVersionDate "2021.10.06"]
[SourceQuality "1"]

1. c4 c5 2. Nc3 Nc6 3. g3 g6 4. Bg2 Bg7 5. Nf3 Nf6 6. 0-0 b6 7. d4 cxd4 8. Nxd4 Bb7 9. e3 Na5 10. b3 Bxg2 11. Kxg2 d5 12. Qe2 0-0 13. Ba3 Rc8 14. Rfd1 Re8 15. Rac1 e6 16. Ndb5 Nb7 17. Nxa7 Ra8 18. Ncb5 Nc5 19. Nc6 Qc8 20. cxd5 Nxd5 21. Ncd4 Qb7 22. f3 Bf8 23. e4 Nf6 24. Qb2 Bh6 25. Rc2 Red8 26. Bxc5 bxc5 27. Rxc5 Nxe4 28. Rc7 Qd5 29. Qe2 Nf6 30. Nc3 Qa5 31. Ndb5 Nd5 32. Nxd5 exd5 33. Qe7 Qxa2+ 34. Kh3 Rf8 35. Nd6 Qa3 36. Nxf7 Qxe7 37. Nxh6+ Kg7 38. Rxe7+ Kxh6 39. f4 Rf5 40. Rd4 Rh5+ 41. Kg4 Rxh2 42. Rxd5 Rb2 43. Rdd7 Rh8 44. Rb7 g5 45. Rb6# 1-0

[Event "Soukhumi op"]
[Site "Soukhumi"]
[Date "2007.08.09"]
[Round "6"]
[White "Benza, Artem"]
[Black "Androsenko, Igor"]
[Result "1-0"]
[WhiteElo "2344"]
[BlackElo "2014"]
[PlyCount "62"]
[EventDate "2007.08.03"]
[EventType "swiss"]
[EventRounds "9"]
[EventCountry "RUS"]
[SourceTitle "EXT 2009"]
[Source "ChessBase"]
[SourceDate "2008.11.26"]
[SourceVersion "1"]
[SourceVersionDate "2008.11.26"]
[SourceQuality "1"]

1. e4 c5 2. Nf3 Nc6 3. d4 cxd4 4. Nxd4 g6 5. Nc3 Bg7 6. Be3 Nf6 7. Bc4 0-0 8. Bb3 d6 9. f3 Bd7 10. Qd2 Rc8 11. g4 Na5 12. h4 h5 13. gxh5 Nxh5 14. 0-0-0 Nc4 15. Bxc4 Rxc4 16. Nde2 Qa5 17. Bd4 Rfc8 18. Bxg7 Kxg7 19. Kb1 b5 20. Nd4 Rxc3 21. bxc3 Rxc3 22. Nb3 Qc7 23. f4 a5 24. f5 a4 25. Nd4 Ng3 26. Rhe1 Qc4 27. Re3 b4 28. Qf2 Nxe4 29. Rxe4 Ra3 30. Ne6+ Bxe6 31. Rxc4 Bxc4 1-0

[Event "Soukhumi op"]
[Site "Soukhumi"]
[Date "2007.08.06"]
[Round "4"]
[White "Kutukova, Virineya"]
[Black "Androsenko, Igor"]
[Result "1-0"]
[WhiteElo "2087"]
[BlackElo "2014"]
[PlyCount "70"]
[EventDate "2007.08.03"]
[EventType "swiss"]
[EventRounds "9"]
[EventCountry "RUS"]
[SourceTitle "EXT 2009"]
[Source "ChessBase"]
[SourceDate "2008.11.26"]
[SourceVersion "1"]
[SourceVersionDate "2008.11.26"]
[SourceQuality "1"]

1. e4 c5 2. Nf3 Nc6 3. d4 cxd4 4. Nxd4 g6 5. Nc3 Bg7 6. Be3 Nf6 7. Be2 0-0 8. Qd2 d5 9. Nxc6 bxc6 10. 0-0-0 e6 11. e5 Nd7 12. f4 Qa5 13. a3 Ba6 14. h4 Bxe2 15. Nxe2 Qxd2+ 16. Rxd2 h5 17. Rg1 Rfb8 18. g4 hxg4 19. Rxg4 c5 20. c3 Rc8 21. Kb1 Kh7 22. h5 Nf8 23. Ng3 gxh5 24. Rg5 Ng6 25. Nxh5 Bh6 26. Nf6+ Kg7 27. Rg4 Kf8 28. Rh2 Nxe5 29. Rg8+ Ke7 30. Rxc8 Rxc8 31. Rxh6 Nc4 32. Bf2 Kd6 33. Ka2 Rb8 34. Bxc5+ Kc6 35. b4 Rb7 1-0

[Event "Soukhumi op"]
[Site "Soukhumi"]
[Date "2007.08.04"]
[Round "2"]
[White "Ter Steponianc, Antonina"]
[Black "Androsenko, Igor"]
[Result "1-0"]
[WhiteElo "2096"]
[BlackElo "2014"]
[PlyCount "81"]
[EventDate "2007.08.03"]
[EventType "swiss"]
[EventRounds "9"]
[EventCountry "RUS"]
[SourceTitle "EXT 2009"]
[Source "ChessBase"]
[SourceDate "2008.11.26"]
[SourceVersion "1"]
[SourceVersionDate "2008.11.26"]
[SourceQuality "1"]

1. e4 c5 2. Nf3 Nc6 3. Bb5 g6 4. 0-0 Bg7 5. c3 a6 6. Bxc6 dxc6 7. d3 Nf6 8. Qc2 0-0 9. Be3 Nd7 10. d4 cxd4 11. cxd4 Nf6 12. h3 Be6 13. Nc3 Qc8 14. Ne2 Rd8 15. Rfd1 Bd7 16. Rac1 Be8 17. Ne5 Nd7 18. Nc4 b6 19. Qb3 Rb8 20. Bf4 e5 21. dxe5 Nc5 22. Qe3 Rxd1+ 23. Rxd1 Qe6 24. b3 b5 25. Qxc5 bxc4 26. Nd4 Qc8 27. Qxc4 Ra8 28. Rc1 Qc7 29. Nxc6 Kh8 30. Qd5 f6 31. exf6 Qxf4 32. fxg7+ Kxg7 33. Qd4+ Kh6 34. Rc3 Rc8 35. Ne7 Rxc3 36. Ng8+ Kh5 37. Qxc3 Bb5 38. Nf6+ Kh6 39. Ng4+ Kh5 40. g3 Be2 41. gxf4 1-0